| 000 | 00708cam a22002172 4500 | ||
|---|---|---|---|
| 001 | 0000019398 | ||
| 005 | 20151217152154.0 | ||
| 008 | 101113s xx 000 0 eng d | ||
| 020 | _a1847036315 : | ||
| 040 |
_aKABU _cKABU |
||
| 100 | 1 |
_aWallace, Rebecca M. M. _@0000158695 |
|
| 245 | 1 | 0 |
_aInternational law / _cRebecca M. M. Wallaceb and Olga Martin-Ortega. |
| 250 | _a6th ed. | ||
| 260 |
_aLondon : _bSweet & Maxwell, _c2009. |
||
| 300 | _alii, 386 p. | ||
| 650 | 0 |
_aInternational law. _@0000158696 |
|
| 700 | 1 |
_aMartin-Ortega, Olga. _@0000179102 |
|
| 852 | 1 | _9p4022 KES | |
| 852 | 1 | _9p5190 KES | |
| 950 | _@1 | ||
| 999 |
_c8952 _d8952 |
||